[Event "FRA-chT2O 0203"]
[Site "France"]
[Date "2003.01.19"]
[Round "6.8"]
[White "Marzolf, Bruno"]
[Black "Elsaesser, Thomas"]
[Result "1-0"]
[WhiteElo "2237"]
[BlackElo "1920"]
[PlyCount "83"]
[EventDate "2002.10.??"]
[EventType "team"]
[EventRounds "11"]
[EventCountry "FRA"]
[SourceTitle "EXT 2004"]
[Source "ChessBase"]
[SourceDate "2003.11.25"]
[SourceVersion "1"]
[SourceVersionDate "2003.11.25"]
[SourceQuality "1"]
[WhiteTeam "Strasbourg"]
[BlackTeam "Selestat"]
[WhiteTeamCountry "FRA"]
[BlackTeamCountry "FRA"]

1. e4 e5 2. Nf3 Nc6 3. Bb5 d6 4. d4 Bd7 5. Nc3 exd4 6. Nxd4 Nf6 7. 0-0 Be7 8. Nxc6 Bxc6 9. Bxc6+ bxc6 10. Qd3 0-0 11. Rd1 h6 12. Bf4 Nh5 13. Be3 Bg5 14. g3 Bxe3 15. Qxe3 Qf6 16. f4 Rfe8 17. Rd4 g5 18. Rf1 gxf4 19. gxf4 Kh7 20. Kh1 Rab8 21. b3 Rg8 22. e5 dxe5 23. Qxe5 Qxe5 24. fxe5 Rbe8 25. Rxf7+ Kh8 26. Rdd7 Rg6 27. Rf5 Ng7 28. Rf6 Kh7 29. Rxg6 Kxg6 30. Rxc7 Rxe5 31. Rxc6+ Ne6 32. Nd5 Kf5 33. c4 Nd4 34. Rf6+ Kg4 35. Kg2 Nf5 36. Rg6+ Kh5 37. Nf4+ Kh4 38. h3 Ne3+ 39. Kf3 a5 40. Rxh6+ Kg5 41. Rh5+ Kf6 42. Rxe5 1-0